The unauthorized teacher's survival guide / (Record no. 13411)

000 -LEADER
fixed length control field 01136cam a2200289 a 4500
001 - CONTROL NUMBER
control field 1125099
005 - DATE AND TIME OF LATEST TRANSACTION
control field 20160929020003.0
008 - FIXED-LENGTH DATA ELEMENTS--GENERAL INFORMATION
fixed length control field 941121s1995 inua bf 001 0 eng
010 ## - LIBRARY OF CONGRESS CONTROL NUMBER
LC control number 94025315
020 ## - INTERNATIONAL STANDARD BOOK NUMBER
International Standard Book Number 1571120688
040 ## - CATALOGING SOURCE
Original cataloging agency DLC
Transcribing agency DLC
Modifying agency DLC
050 00 - LIBRARY OF CONGRESS CALL NUMBER
Classification number LB1025.3.W37 1995
Item number .W37 1995
082 00 - DEWEY DECIMAL CLASSIFICATION NUMBER
Edition number 20
100 1# - MAIN ENTRY--PERSONAL NAME
Personal name Warner, Jack,
Dates associated with a name 1935-
245 14 - TITLE STATEMENT
Title The unauthorized teacher's survival guide /
Statement of responsibility, etc. by Jack Warner and Clyde Bryan with Diane Warner.
246 30 - VARYING FORM OF TITLE
Title proper/short title Teacher's survival guide
260 ## - PUBLICATION, DISTRIBUTION, ETC. (IMPRINT)
Place of publication, distribution, etc. Indianapolis :
Name of publisher, distributor, etc. Park Avenue,
Date of publication, distribution, etc. c1995.
300 ## - PHYSICAL DESCRIPTION
Extent xii, 178 p. :
Other physical details ill. ;
Dimensions 23 cm.
504 ## - BIBLIOGRAPHY, ETC. NOTE
Bibliography, etc Includes bibliographical references (p. 169-170) and index.
650 #0 - SUBJECT ADDED ENTRY--TOPICAL TERM
Topical term or geographic name as entry element Teaching
General subdivision Handbooks, manuals, etc.
650 #0 - SUBJECT ADDED ENTRY--TOPICAL TERM
Topical term or geographic name as entry element Classroom management
General subdivision Handbooks, manuals, etc.
700 1# - ADDED ENTRY--PERSONAL NAME
Personal name Bryan, Clyde,
Dates associated with a name 1935-
700 1# - ADDED ENTRY--PERSONAL NAME
Personal name Warner, Diane.
906 ## - LOCAL DATA ELEMENT F, LDF (RLIN)
a 7
b cbc
c orignew
d 1
e ocip
f 19
g y-gencatlg
942 ## - ADDED ENTRY ELEMENTS (KOHA)
Source of classification or shelving scheme
Koha item type Hard Covered Materials
Classification part LB1025.3.W37 1995
Koha issues (borrowed), all copies 1
Holdings
Withdrawn status Lost status Source of classification or shelving scheme Damaged status Not for loan Home library Current library Shelving location Date acquired Source of acquisition Total Checkouts Full call number Barcode Date last seen Date last checked out Price effective from Koha item type
          MACHAKOS UNIVERSITY LIBRARY MACHAKOS UNIVERSITY LIBRARY Open shelf 11/08/2016 Donation (BFA) 1 LB1025.3.W37 1995 24469 08/04/2021 28/09/2016 11/08/2016 Hard Covered Materials
© Machakos University Library, Along The Highway, Machakos Wote Rd, Machakos, Kenya P.O. Box 136 - 90100 Machakos - Kenya

Tel: ( +254 ) 723 805829 OR Fax : 044-20353 OR Email: library@mksu.ac.ke